I Know The End - Phoebe Bridgers (Lyrics) - Statistics

General Stats
  • This quiz has been taken 134 times
    132 since last reset
  • The average score is 241 of 325
Answer Stats
Answer % Correct
I
100%
my
98%
place
97%
So
97%
some
97%
in
95%
of
95%
a
94%
A
94%
but
94%
But
94%
it
94%
an
92%
and
92%
And
92%
go
92%
can't
91%
Germany
91%
Somewhere
91%
the
91%
The
91%
"The
91%
this
91%
to
91%
To
91%
hate
89%
me
89%
part
89%
Texas
89%
I'm
88%
know
88%
Man
88%
Close
86%
no
86%
No
86%
eyes
85%
Not
85%
not
85%
with
85%
there
83%
you
83%
around
82%
End
82%
end
82%
down
80%
home
80%
like
80%
Like
80%
out
80%
Out
80%
Three
80%
clicks
78%
we
78%
had
77%
on
77%
room
77%
up
77%
here
75%
I'll
75%
There's
75%
quiet
74%
from
72%
life
72%
got
71%
sun
71%
When
69%
when
69%
back
68%
get
68%
lay
66%
gotta
65%
Let
65%
America
63%
shore
63%
wave
63%
country
62%
song
62%
your
62%
along
60%
anymore
60%
are
60%
bird
60%
crashed
60%
Drivin'
60%
First
60%
for
60%
mean
60%
rap
60%
went
60%
Went
60%
creation
58%
even
58%
haunted
58%
house
58%
into
58%
Is
58%
is
58%
that
58%
Then
58%
ultraviolet
58%
Windows
58%
come
57%
fence
57%
looking
57%
Near"
57%
scream
57%
teeth
57%
Ended
55%
gonna
55%
picket
55%
alone
54%
burnouts
54%
cover
54%
God
54%
lips
54%
melted
54%
myth
54%
pair
54%
tornado
54%
alien
52%
away
52%
cracked
52%
hometown
52%
sunset
52%
way
52%
Big
51%
fear
51%
friends
51%
ghost
51%
we're
51%
bolt
49%
Either
49%
find
49%
float
49%
floor
49%
gravity
49%
heater
49%
mall
49%
outlet
49%
pushin'
49%
rusty
49%
spaceship
49%
watch
49%
always
48%
call
48%
everyone's
48%
machines
48%
new
48%
park
48%
said
48%
Slot
48%
swingset
48%
After
46%
billboard
46%
chase
46%
fantasise
46%
hanging
46%
It's
46%
low
46%
Romanticise
46%
slaughterhouse
46%
Talkin'
46%
convinced
45%
drone
45%
government
45%
lightning
45%
Over
45%
under
45%
while
45%
be
43%
sound
43%
afraid
42%
coast
42%
hide
40%
or
40%
sirens
40%
was
40%
disappear
38%
turned
37%
nothing
35%
Yeah
31%
guess
29%
you'll
28%
No matching quizzes found
Score Distribution
Percent of People with Each Score
Percentile by Number Answered
Your Score History
You have not taken this quiz since the last reset